| 000 | 01107nam a2200313 a 4500 | ||
|---|---|---|---|
| 001 | 000045983 | ||
| 003 | DO-SdBNP | ||
| 005 | 20250416131147.0 | ||
| 007 | ta | ||
| 008 | 150605s2010 dr ac 000 0 spa d | ||
| 020 | _z9789945422171 | ||
| 020 | _a9789945422191 | ||
| 040 |
_aDO-SdBNP _bspa _cBNPHU |
||
| 082 | 4 |
_a779.097293 _bM647h _222 |
|
| 100 | 1 |
_aMiller, Jeannette, _d1944- _983484 |
|
| 245 | 1 | 0 |
_aHistoria de la fotografía dominicana / _cJeanette Miller ; presentación, José A. León ; fotografías Mariano Hernández. |
| 260 |
_aSanto Domingo : _bGrupo León Jimenes, _c2010. |
||
| 300 |
_a2v. : _bil., fots. ; _c31 cm. |
||
| 490 | 0 | _aCentenario Grupo León Jimenes | |
| 500 | _aIncluye bibliografía | ||
| 500 | _aIncluye índice onomástico | ||
| 505 | 0 |
_gv. 1 _t1851-1961 -- _gv. 2 _t1961-2007 -- |
|
| 650 | 4 |
_aFotografía _zRepública Dominicana _xHistoria _982460 |
|
| 700 | 1 | 2 |
_aLeón, José A., _epres. _919117 |
| 700 | 1 | 2 |
_aHernández, Mariano, _efots. _959875 |
| 830 | 0 |
_aCentenario (Grupo León Jimenes) _918855 |
|
| 910 | _aValidado. Control de calidad MFF | ||
| 942 |
_2ddc _cLBS1 |
||
| 999 |
_c45472 _d45472 |
||